000 00986pam a2200289 a 4500
001 1023394
003 ARRUPE
005 20130926133229.0
008 880805s1989 deu b 000 0 eng
010 _a 88082455
020 _a0894537571
040 _aDLC
_cDLC
_dDLC
050 0 0 _aBT775
_b.J44 1989
100 1 _aJegen, Carol Frances.
_91426
245 1 0 _aRestoring our friendship with God :
_bthe mystery of redemption from suffering and sin /
_cby Carol Frances Jegen.
260 _aWilmington, Del. :
_bM. Glazier,
_c1989.
300 _a99 p. ;
_c22 cm.
440 0 _aZacchaeus studies.
_pTheology
_91427
504 _aBibliography: p. 97-99.
610 2 0 _aCatholic Church
_xDoctrines.
_91428
650 0 _aRedemption.
_91429
650 0 _aSuffering
_xReligious aspects
_xChristianity.
_91430
650 0 _aSin
_xChristianity.
_91431
906 _a7
_bcbc
_corignew
_d1
_eopcn
_f19
_gy-gencatlg
942 _2lcc
_cMONOGRAPH
999 _c118089
_d118089